[Event "Serbia-chT central"]
[Site "Golubac"]
[Date "2003.??.??"]
[Round "?"]
[White "Runic, Zoran"]
[Black "Ristic, Nenad"]
[Result "1-0"]
[WhiteElo "2392"]
[BlackElo "2488"]
[PlyCount "92"]
[EventDate "2003.09.27"]
[Source "Roberto Alvarez"]
[SourceDate "2003.11.17"]

1. b4 e5 2. Bb2 Bxb4 3. Bxe5 Nf6 4. Nf3 O-O 5. e3 Re8 6. Be2 d5 7. O-O Bd6 8. Bb2 Nbd7 9. c4 Nb6 10. cxd5 Nbxd5 11. d3 Qe7 12. e4 Nf4 13. Re1 Bg4 14. Bf1 Bb4 15. Nc3 Rad8 16. h3 Bh5 17. g3 Ne6 18. Bg2 Qd7 19. g4 Bxg4 20. hxg4 Nf4 21. Nh2 Nxd3 22. Qb3 Bc5 23. Red1 Nxg4 24. Rxd3 Bxf2+ 25. Kh1 Qxd3 26. Nxg4 Qg3 27. Nxf2 Qxf2 28. Rf1 Qh4+ 29. Kg1 Re6 30. Nd5 c6 31. Qf3 Rd7 32. Qc3 Rg6 33. Nf4 Rg3 34. Qe5 Rd8 35. Bd4 Rg5 36. Qc7 Rg4 37. Nh3 f5 38. Rxf5 Rxg2+ 39. Kxg2 Qxe4+ 40. Rf3 Qg4+ 41. Kh2 Qd7 42. Qf4 h6 43. Bc3 c5 44. Rg3 g5 45. Nxg5 hxg5 46. Qxg5+ Kf8 1-0

[Event "BLR Ch Minsk"]
[Site "Minsk BLR"]
[Date "1996.??.??"]
[Round "3"]
[White "Kochetkov, German"]
[Black "Kovalev, Andrei"]
[Result "1/2-1/2"]
[WhiteElo "2385"]
[BlackElo "2495"]
[PlyCount "22"]
[EventDate "1996.??.??"]
[Source "www.chesslib.no"]
[SourceDate "2004.05.04"]

1. b4 e5 2. Bb2 Bxb4 3. Bxe5 Nf6 4. Nf3 Nc6 5. Bb2 d5 6. e3 O-O 7. c4 Bg4 8. cxd5 Nxd5 9. Be2 Re8 10. O-O Qe7 11. Qc2 Rad8 1/2-1/2

[Event "Porz"]
[Site "Porz"]
[Date "1988.??.??"]
[Round "?"]
[White "Fedorowicz, John P"]
[Black "Schulz, Klaus Juergen"]
[Result "1/2-1/2"]
[WhiteElo "2520"]
[BlackElo "2360"]
[PlyCount "21"]
[EventDate "1988.12.??"]
[Source "ChessBase"]

1. b4 Nf6 2. Bb2 e6 3. b5 c5 4. Nf3 Be7 5. e3 O-O 6. Be2 a6 7. a4 axb5 8. axb5 Rxa1 9. Bxa1 b6 10. O-O Bb7 11. c4 1/2-1/2

[Event "It (open)"]
[Site "Biel (Switzerland)"]
[Date "2007.07.23"]
[Round "1"]
[White "Bauer Christian (FRA)"]
[Black "Illijin Neboisa (ROM)"]
[Result "1-0"]
[WhiteElo "2626"]
[BlackElo "2250"]
[PlyCount "67"]
[EventDate "2007.??.??"]
[Source "www.chesslib.no"]
[SourceDate "2004.05.04"]

1. b4 a5 2. b5 c5 3. c4 b6 4. Nf3 Bb7 5. e3 e6 6. Be2 Nf6 7. O-O d5 8. cxd5 Nxd5 9. Bb2 Nd7 10. d3 Qc7 11. Nbd2 N5f6 12. Nc4 Be7 13. Nfe5 O-O 14. Bf3 Bd5 15. Nc6 Rae8 16. Rc1 Bd6 17. g3 e5 18. Bxd5 Nxd5 19. Qf3 N5f6 20. d4 e4 21. Qf5 h6 22. Rfd1 Re6 23. Nxd6 Rxd6 24. dxc5 bxc5 25. Bxf6 Nxf6 26. Qxc5 Re6 27. Nd8 Qxc5 28. Rxc5 Re7 29. Nc6 Rc7 30. a4 Kh7 31. b6 Rb7 32. Rb5 Ra8 33. Nxa5 Rbb8 34. Nc6 1-0

[Event "DEN Team Ch 9495"]
[Site "Denmark"]
[Date "1994.??.??"]
[Round "1"]
[White "Pedersen, Erik"]
[Black "Nielsen, Peter Heine"]
[Result "1/2-1/2"]
[WhiteElo "2400"]
[BlackElo "2475"]
[PlyCount "36"]
[EventDate "1994.??.??"]
[Source "www.chesslib.no"]
[SourceDate "2004.05.04"]

1. b4 d5 2. Bb2 Bg4 3. h3 Bh5 4. Nf3 Nd7 5. e3 e6 6. Be2 Ngf6 7. b5 Bd6 8. O-O O-O 9. d3 a6 10. a4 axb5 11. axb5 Rxa1 12. Bxa1 Qe7 13. Nbd2 Ra8 14. g4 Bg6 15. Nh4 Ne8 16. Nxg6 hxg6 17. Bf3 Nb6 18. c4 Ra2 1/2-1/2

[Event "Wch U20"]
[Site "Mamaia"]
[Date "1991.??.??"]
[Round "?"]
[White "Rocha, Sergio"]
[Black "Akopian, Vladimir"]
[Result "0-1"]
[WhiteElo "2285"]
[BlackElo "2590"]
[PlyCount "74"]
[EventDate "1991.08.??"]
[Source "ChessBase"]

1. b4 d5 2. Bb2 Bg4 3. Qc1 Nf6 4. e3 Nbd7 5. c4 e5 6. b5 Bd6 7. Nc3 d4 8. Na4 Nc5 9. Nxc5 Bxc5 10. Be2 O-O 11. h3 Bxe2 12. Nxe2 a6 13. a4 axb5 14. axb5 dxe3 15. dxe3 Rxa1 16. Bxa1 Qd3 17. Qb2 Ba3 18. Qd2 Qxc4 19. O-O Qxb5 20. Nc3 Qc6 21. Qd3 Be7 22. Rb1 Ra8 23. Nb5 Nd7 24. Nc3 Nc5 25. Qf5 Qe6 26. Qf3 c6 27. Ne2 b5 28. Ng3 Bf8 29. Bc3 Na4 30. Ba1 Nb6 31. Bxe5 Qxe5 32. Qxc6 Ra1 33. Rxa1 Qxa1+ 34. Kh2 Qa5 35. Ne4 b4 36. f4 Qd5 37. Qc2 Qc4 0-1

[Event "POL Ch 51th"]
[Site "Gdansk POL"]
[Date "1994.??.??"]
[Round "13"]
[White "Murdzia, Piotr"]
[Black "Urban, Klaudiusz"]
[Result "1-0"]
[WhiteElo "2435"]
[BlackElo "2440"]
[PlyCount "111"]
[EventDate "1994.03.13"]
[Source "www.chesslib.no"]
[SourceDate "2004.05.04"]

1. b4 e5 2. Bb2 d6 3. e3 Nf6 4. Nf3 e4 5. Nd4 c5 6. bxc5 dxc5 7. Nb3 Be7 8. Be2 O-O 9. O-O Nc6 10. d3 Bf5 11. f3 exf3 12. Bxf3 Be6 13. N1d2 Nd5 14. Qe1 Bh4 15. Qe2 Bg5 16. Bxd5 Qxd5 17. c4 Qd8 18. Nxc5 Qb6 19. Nde4 Bxe3+ 20. Qxe3 Qxb2 21. Rab1 Qe5 22. Rxb7 f5 23. Nxe6 Qxe6 24. Qg3 Qe5 25. Qxe5 Nxe5 26. Nc5 Rac8 27. Ne6 Rf7 28. Rfb1 Re8 29. Rb8 Rfe7 30. Nc7 Rxb8 31. Rxb8+ Kf7 32. Nd5 Rd7 33. Rb3 g5 34. h3 Ke6 35. Kf2 f4 36. Ke2 Rf7 37. Ra3 Rb7 38. Rb3 Rf7 39. Rb8 f3+ 40. gxf3 Nxf3 41. Ke3 Ng1 42. h4 Rf3+ 43. Ke4 gxh4 44. Nf4+ Kd6 45. Rh8 Rg3 46. Rxh7 Nf3 47. Rh6+ Kc5 48. Rh5+ Kc6 49. Ne2 Nd2+ 50. Kd4 Rh3 51. Rh6+ Kc7 52. Nf4 Rg3 53. Kc5 Nf3 54. Rh7+ Kd8 55. Kd6 Ke8 56. Ne6 1-0

[Event "Komercni Banka Open"]
[Site "?"]
[Date "1999.07.21"]
[Round "6"]
[White "Vokac Marek"]
[Black "Hedke Fred"]
[Result "1/2-1/2"]
[WhiteElo "2494"]
[BlackElo "2376"]
[PlyCount "159"]
[EventDate "1999.??.??"]
[Source "www.chesslib.no"]
[SourceDate "2004.05.04"]

1. b4 e5 2. Bb2 d6 3. c4 Nf6 4. g3 Be7 5. Bg2 O-O 6. Nc3 c6 7. b5 Be6 8. bxc6 bxc6 9. Qa4 Nbd7 10. d3 d5 11. Nf3 dxc4 12. Ng5 cxd3 13. Nxe6 d2+ 14. Kxd2 fxe6 15. Ke1 Rb8 16. Nd1 Bc5 17. Bc3 Nd5 18. Bd2 Qf6 19. Rf1 Rfc8 20. Rc1 Qe7 21. Bh3 Nf8 22. Ne3 Bb4 23. Bxb4 Rxb4 24. Qc2 Rc7 25. Nc4 Nd7 26. Nd2 Rb8 27. Nb3 c5 28. e4 N5f6 29. Qc4 Nf8 30. a3 Kh8 31. f4 exf4 32. Rxf4 e5 33. Rf3 Rd8 34. Rfc3 h6 35. Qe2 c4 36. Nd2 Rd4 37. Rxc4 Rcxc4 38. Rxc4 Qxa3 39. Rxd4 exd4 40. e5 Nd5 41. e6 d3 42. Qf3 Qc1+ 43. Qd1 Qc5 44. Qf3 Qc1+ 45. Qd1 Qc6 46. Qb3 Nxe6 47. Qxd3 Qc1+ 48. Kf2 Qc5+ 49. Kf1 Nd4 50. Kg2 a5 51. Kh1 a4 52. Qa6 a3 53. Bf1 Nf6 54. Qa8+ Ng8 55. Bc4 Qc6+ 56. Qxc6 Nxc6 57. Nb1 Ne5 58. Ba2 Nf6 59. Nxa3 g5 60. Nc2 h5 61. Nd4 h4 62. gxh4 gxh4 63. Kg2 Kh7 64. Kh3 Ng6 65. Nf5 Kh8 66. Bb3 Kh7 67. Bc2 Kg8 68. Kg2 Kh8 69. Kf3 Kg8 70. Nd6 Kg7 71. Bf5 Kh6 72. Nf7+ Kg7 73. Nd8 Ne7 74. Ne6+ Kh6 75. Bc2 Ng6 76. h3 Kh5 77. Ke3 Kh6 78. Kd4 Nh5 79. Ke4 Nhf4 80. Nxf4 1/2-1/2

[Event "Ceske Budejovice Open"]
[Site "?"]
[Date "1998.??.??"]
[Round "?"]
[White "Vokac Marek"]
[Black "Kolybin Alexei V"]
[Result "0-1"]
[WhiteElo "2510"]
[BlackElo "2360"]
[PlyCount "86"]
[EventDate "1998.??.??"]
[Source "www.chesslib.no"]
[SourceDate "2004.05.04"]

1. b4 d5 2. Bb2 Qd6 3. a3 e5 4. e3 a5 5. b5 Be6 6. Nf3 f6 7. d4 e4 8. Nfd2 f5 9. c4 dxc4 10. Nxc4 Qd8 11. Nc3 Nf6 12. f3 Be7 13. g4 O-O 14. gxf5 Bxf5 15. Ne5 Nbd7 16. Bc4+ Kh8 17. Nf7+ Rxf7 18. Bxf7 Bd6 19. Bb3 Qe7 20. Bc2 Nb6 21. Bc1 Nbd5 22. Nxd5 Nxd5 23. Qd2 Rf8 24. Bb3 Be6 25. f4 Nxf4 26. Bxe6 Nd3+ 27. Qxd3 exd3 28. Bc4 Qh4+ 29. Kd2 Rf2+ 30. Kxd3 Qg4 31. Kc3 Qg2 32. Rd1 Rc2+ 33. Kb3 Rxc4 34. Rd2 Qd5 35. Kb2 Qxb5+ 36. Ka2 Qd5 37. Kb2 a4 38. Rb1 b5 39. Rf2 h6 40. Ka1 Qe4 41. Bd2 Qd3 42. Bc1 Bxa3 43. Rd2 Qc3+ 0-1

[Event "Buenos Aires Clarin Open"]
[Site "Buenos Aires ARG"]
[Date "1995.??.??"]
[Round "4"]
[White "Campora, Daniel H"]
[Black "German, Gustavo"]
[Result "1-0"]
[WhiteElo "2525"]
[BlackElo "2340"]
[PlyCount "91"]
[EventDate "1995.05.??"]
[Source "www.chesslib.no"]
[SourceDate "2004.05.04"]

1. b4 e5 2. Bb2 Bxb4 3. Bxe5 Nf6 4. Nf3 O-O 5. e3 Re8 6. Be2 d5 7. O-O Nbd7 8. Bb2 b6 9. d3 Bb7 10. Nbd2 Bd6 11. Re1 c5 12. Bf1 Qe7 13. g3 Qe6 14. Bg2 Rad8 15. h3 Ba8 16. Ng5 Qe7 17. f4 Nf8 18. Ngf3 N6d7 19. Nh4 g6 20. Qg4 Nf6 21. Qd1 N6d7 22. Nhf3 f6 23. c4 Qf7 24. Qc2 dxc4 25. Nxc4 Bc7 26. a4 Qe7 27. e4 Nb8 28. Ne3 h5 29. Qc3 Nbd7 30. Nd5 Bxd5 31. exd5 Qd6 32. Ng5 Nh7 33. Re6 Rxe6 34. Nxe6 Re8 35. Qc4 Bd8 36. d4 Nhf8 37. Ba3 Kh7 38. Re1 Be7 39. dxc5 bxc5 40. Nc7 Qxc7 41. d6 Qxd6 42. Qf7+ Kh6 43. Qxe8 Qd4+ 44. Kh1 Qxa4 45. Rxe7 Qxa3 46. Rxd7 1-0

[Event "SUI Ch int"]
[Site "Switzerland"]
[Date "1989.??.??"]
[Round "1"]
[White "Keller, Dieter"]
[Black "Hug, Werner"]
[Result "1/2-1/2"]
[WhiteElo "2420"]
[BlackElo "2445"]
[PlyCount "28"]
[EventDate "1989.??.??"]
[Source "www.chesslib.no"]
[SourceDate "2004.05.04"]

1. b4 e5 2. a3 d6 3. g3 g6 4. Bg2 Bg7 5. Bb2 Nf6 6. c4 O-O 7. Nc3 Re8 8. d3 Nc6 9. e4 a5 10. b5 Nd4 11. Nge2 Nxe2 12. Nxe2 Nd7 13. O-O Nc5 14. Qc2 c6 1/2-1/2

[Event "CZE Team Ch 9495"]
[Site "Czech Republic"]
[Date "1995.??.??"]
[Round "3"]
[White "Vokac, Marek"]
[Black "Pribyl, Josef"]
[Result "0-1"]
[WhiteElo "2475"]
[BlackElo "2390"]
[PlyCount "86"]
[EventDate "1994.??.??"]
[Source "www.chesslib.no"]
[SourceDate "2004.05.04"]

1. b4 Nf6 2. Bb2 e6 3. b5 d5 4. e3 Nbd7 5. f4 a6 6. a4 axb5 7. axb5 Rxa1 8. Bxa1 c5 9. c4 Bd6 10. Nf3 O-O 11. Be2 b6 12. O-O Bb7 13. Bb2 Qe7 14. Ne5 Ra8 15. Bf3 Bc7 16. Nc6 Qe8 17. cxd5 Nxd5 18. Bxd5 exd5 19. Qg4 d4 20. exd4 Nf6 21. Qf3 Ra2 22. Bc3 Qe4 23. Qxe4 Nxe4 24. Re1 f5 25. d3 Nd6 26. d5 Kf8 27. Be5 Nxb5 28. Nc3 Nxc3 29. Bxc7 Re2 30. Rxe2 Nxe2+ 31. Kf2 Nc3 32. Bxb6 Nxd5 33. Bxc5+ Ke8 34. Nd4 Nxf4 35. Bd6 Nxd3+ 36. Ke3 Nb2 37. Nxf5 g6 38. Ng7+ Kf7 39. Be5 Nc4+ 40. Kd4 Nxe5 41. Kxe5 Kxg7 42. g3 h5 43. Kf4 Kf6 0-1